35 faits marquants du catch par année - Statistiques

Statistiques générales
  • Ce quiz a été pris 546 fois
  • Le résultat moyen est 8 sur 35
Statistiques - réponses
Hint Réponse % Correct
The Streak is Over: Brock Lesnar est le premier à battre The Undertaker à Wrestlemania 2014
70%
John Cena remporte son premier titre de champion du monde 2005
61%
À la WWE, CM Punk délivre sa célèbre Pipe Bomb 2011
59%
La WWE fait son premier show en Arabie Saoudite 2018
52%
La All Elite Wrestling ouvre ses portes 2019
48%
Bret Hart revient à la WWE après 13 ans 2010
45%
Le CMLL, la compagnie de catch la plus vieille à ce jour, ouvre ses portes 1933
38%
Mick Foley est lancé du haut de la cage du Hell in a Cell par l'Undertaker 1998
38%
Le premier Wrestlemania voit le jour 1985
37%
La WCW ferme ses portes 2001
36%
Le Montreal Screwjob prend place 1997
35%
Hulk Hogan vs André le Géant à Wrestlemania III 1987
33%
Steve Austin remporte le King of the Ring et délivre sa promo légendaire tandis que Hulk Hogan tourne heel et fonde la nWo 1996
30%
La nuit pendant laquelle Mick Foley devient champion WWF, le "Fingerpoke of Doom" a lieu chez WCW 1999
24%
La Ring of Honor ouvre ses portes 2002
22%
Le premier règne de Bruno Sammartino prend fin 1971
16%
Premier Wrestle Kingdom sous ce nom-là 2007
14%
Antonio Inoki vs Mohamed Ali a lieu 1976
13%
C'est l'année de la saga Ric Flair vs Ricky Steamboat 1989
12%
Misawa fonde la NOAH emmenant avec lui la quasi-entièreté des catcheurs de AJPW avec lui 2000
12%
NJPW et WCW organisent un show en Corée du Nord 1995
11%
Le match entre Act Yakuzawa et Yoshiko chez STARDOM se transforme en shoot fight 2015
11%
La NWA est créée 1948
10%
Bruiser Brody est assassiné à Porto-Rico 1988
10%
La ECW se sépare de la NWA après la promo de Shane Douglas 1994
10%
Le premier Starrcade est tenu 1983
9%
Vince McMahon et la WWF apparaît à la TV à la place de la Georgia Championship Wrestling: c'est le Black Saturday 1984
9%
Masahiro Chono remporte la première édition du G1-Climax 1991
9%
AJPW et NJPW voient le jour 1972
8%
Tiger Mask II se démasque et redevient Mitsuharu Misawa 1990
8%
Lou Thesz vs Rikodozan a lieu 1957
6%
Le match sanglant entre le Great Muta et Hiroshi Hase inspire le terme de "Mutah Scale" 1992
6%
El Santo prend sa retraite 1982
5%
La grande star Mildred Burke subit un screwjob mémorable 1954
4%
La All-Japan Women ouvre ses portes 1968
4%
Aucun quiz correspondant
Distribution des résultats
% des personnes avec chaque résultat
Percentile par nombre de réponses
Votre historique - résultats
Vous n’avez pas pris ce quiz